Chovatelské přístupy pro alternativní a ekologické chovy prasat : metodika /

Hlavní autor: Matoušek, Václav, 1944-
Další autoři: Kernerová, Naděžda, 1961-
Jazyk: Čeština
Vydáno: V Českých Budějovicích : Jihočeská univerzita, Zemědělská fakulta, c2011
Témata:
Fyzický popis: 35 s. ; 21 cm
Knihy
Uloženo v:
LEADER 01459nam a2200397 a 4500
001 nkc20112266758
003 CZ PrNK
005 20120228093032.0
007 ta
008 111230s2011 xr e 000 0 cze
015 |a cnb002266758 
020 |a 978-80-7394-299-1  |q (brož.) 
035 |a (OCoLC)776514862 
040 |a ABA001  |b cze 
072 7 |a 636  |x Chov zvířat. Živočišná výroba  |2 Konspekt  |9 24 
080 |a 636.4  |2 MRF 
080 |a 636.08  |2 MRF 
080 |a (072)  |2 MRF 
100 1 |a Matoušek, Václav,  |d 1944-  |7 jo20010092717  |4 aut 
245 1 0 |a Chovatelské přístupy pro alternativní a ekologické chovy prasat :  |b metodika /  |c autoři Václav Matoušek, Naděžda Kernerová 
260 |a V Českých Budějovicích :  |b Jihočeská univerzita, Zemědělská fakulta,  |c c2011 
300 |a 35 s. ;  |c 21 cm 
500 |a 100 výt. 
504 |a Obsahuje bibliografii a bibliografické odkazy 
650 0 7 |a prasata  |7 ph115875  |2 czenas 
650 0 7 |a chov hospodářských zvířat  |7 ph119201  |2 czenas 
650 0 9 |a pigs  |2 eczenas 
650 0 9 |a livestock keeping  |2 eczenas 
655 7 |a metodické příručky  |7 fd132826  |2 czenas 
655 9 |a methodological manuals  |2 eczenas 
700 1 |a Kernerová, Naděžda,  |d 1961-  |7 uzp2007368914  |4 aut 
910 2 |a BOA001  |b 2-1277.654 
990 |a BK 
995 |a 01 
991 |b 201201  |c NOV  |e n 
996 6 |b 2610497481  |c 2-1277.654  |l MZK  |r Sklad / do 1 hodiny  |n 10  |p p.v.  |w 001221859  |u 000010  |a 1  |e BOA001  |j MZK50  |s P